<?xml version="1.0" encoding="UTF-8"?>
<record
    xmlns:xsi="http://www.w3.org/2001/XMLSchema-instance"
    xsi:schemaLocation="http://www.loc.gov/MARC21/slim http://www.loc.gov/standards/marcxml/schema/MARC21slim.xsd"
    xmlns="http://www.loc.gov/MARC21/slim">

  <leader>01559nam a22001817a 4500</leader>
  <controlfield tag="005">20150812094707.0</controlfield>
  <controlfield tag="008">150812b        xxu||||| |||| 00| 0 eng d</controlfield>
  <datafield tag="040" ind1=" " ind2=" ">
    <subfield code="a">ANE</subfield>
  </datafield>
  <datafield tag="041" ind1=" " ind2=" ">
    <subfield code="a">Es</subfield>
  </datafield>
  <datafield tag="082" ind1=" " ind2=" ">
    <subfield code="a">TV-1060</subfield>
  </datafield>
  <datafield tag="100" ind1=" " ind2=" ">
    <subfield code="a">Guti&#xE9;rrez, Lucio</subfield>
    <subfield code="e">expresidente de la rep&#xFA;blica</subfield>
  </datafield>
  <datafield tag="245" ind1=" " ind2=" ">
    <subfield code="a">Lucio Guti&#xE9;rrez dice que con menos plata redujo m&#xE1;s la pobreza que Correa </subfield>
  </datafield>
  <datafield tag="260" ind1=" " ind2=" ">
    <subfield code="a">Quito</subfield>
    <subfield code="b">Ecuavisa</subfield>
    <subfield code="c">2015-08-11</subfield>
  </datafield>
  <datafield tag="300" ind1=" " ind2=" ">
    <subfield code="a">p.</subfield>
  </datafield>
  <datafield tag="520" ind1=" " ind2=" ">
    <subfield code="a">El expresidente Lucio Guti&#xE9;rrez, en r&#xE9;plica a las declaraciones del canciller Ricardo Pati&#xF1;o, record&#xF3; que los fueron los comandantes del Ej&#xE9;rcito, Marina y Aviaci&#xF3;n, los que ejecutaron el golpe de Estado financiado por el exmandatario venezolano Hugo Ch&#xE1;vez, ya fallecido. "Esa es la verdad hist&#xF3;rica". Dijo que su excelente gesti&#xF3;n gubernamental, en lo social y econ&#xF3;mico, fue un obst&#xE1;culo en la expansi&#xF3;n del chavismo por eso se tuvo que sacar a Guti&#xE9;rrez del poder. Seg&#xFA;n Guti&#xE9;rrez, &#xE9;l con menos plata redujo m&#xE1;s la pobreza que el Gobierno de Rafael Correa. Guti&#xE9;rrez aclar&#xF3; que de acuerdo al INEC, la pobreza se redujo en el 7, 7 %, entre el 2003 y 2005; mientras que desde el 2007 al 2009, en tiempos de la revoluci&#xF3;n ciudadana, cay&#xF3; apenas un 0,7 %.


</subfield>
  </datafield>
  <datafield tag="650" ind1=" " ind2=" ">
    <subfield code="a">pobreza/ex presidente rep&#xFA;blica/dice/golpe estado/Comandantes Ej&#xE9;rcito/patrocinado hugo Ch&#xE1;vez/verdad hist&#xF3;rica/destaca excelente gesti&#xF3;n gubernamental/social econ&#xF3;mico/onst&#xE1;culo expansi&#xF3;n chavismo/eso  sacaron poder/redujo pobreza 2003-2005/2007-2009 INEC/revoluci&#xF3;n cidadana cay&#xF3;/</subfield>
  </datafield>
  <datafield tag="942" ind1=" " ind2=" ">
    <subfield code="2">ddc</subfield>
    <subfield code="c">VM</subfield>
    <subfield code="z">IES.</subfield>
  </datafield>
  <datafield tag="999" ind1=" " ind2=" ">
    <subfield code="c">30147</subfield>
    <subfield code="d">30147</subfield>
  </datafield>
  <datafield tag="952" ind1=" " ind2=" ">
    <subfield code="0">0</subfield>
    <subfield code="1">0</subfield>
    <subfield code="2">ddc</subfield>
    <subfield code="4">0</subfield>
    <subfield code="7">0</subfield>
    <subfield code="a">AN01</subfield>
    <subfield code="b">AN01</subfield>
    <subfield code="d">2015-08-12</subfield>
    <subfield code="o">TV-1060</subfield>
    <subfield code="p">TV-1060</subfield>
    <subfield code="r">2015-08-12</subfield>
    <subfield code="w">2015-08-12</subfield>
    <subfield code="y">VM</subfield>
  </datafield>
</record>
